Mastering C++ / (Record no. 1192)

MARC details
000 -LEADER
Fixed length control field 00534nam a2200181 4500
003 - CONTROL NUMBER IDENTIFIER
Control field SEACOMMC
005 - DATE AND TIME OF LATEST TRANSACTION
Control field 20250514112434.0
008 - FIXED-LENGTH DATA ELEMENTS--GENERAL INFORMATION
Fixed length control field 250410b |||||||| |||| 00| 0 eng d
020 ## - INTERNATIONAL STANDARD BOOK NUMBER / ISBN
International Standard Book Number 978-0-07-463454-7
Price Rs.395.00
040 ## - CATALOGING SOURCE
Original cataloging agency SEACOMMC
082 ## - DEWEY DECIMAL CLASSIFICATION NUMBER
Classification number 005.133 C++
Book Number V 471
100 ## - MAIN ENTRY--PERSONAL NAME
Personal name Venugopal, K R
245 1# - TITLE STATEMENT
Title Mastering C++ /
Statement of responsibility K R Venugopal,Rajkumar Buyya [and] T Ravishankar
250 ## - EDITION STATEMENT
Edition statement 36th Reprint ed.
260 ## - IMPRINT
Place of publication New Delhi
Name of publisher Tata McGraw Hill
Date of publication 2009
650 ## - SUBJECT ADDED ENTRY--TOPICAL TERM
Topical term Computer & Information Systems
942 ## - ADDED ENTRY ELEMENTS (KOHA)
Koha item type Books
Holdings
Withdrawn status Lost status Source of classification Damaged status Not for loan Home library Current library Shelving location Date acquired Total Checkouts Call number Accession number Date last seen Price effective from Koha item type Copy number
    Dewey Decimal Classification     SEACOM MANAGEMENT COLLEGE SEACOM MANAGEMENT COLLEGE Reference 01/11/2010   005.133 C++ V 471 M-2961 10/04/2025 10/04/2025 Reference Books  
    Dewey Decimal Classification     SEACOM MANAGEMENT COLLEGE SEACOM MANAGEMENT COLLEGE   01/11/2010   005.133 C++ V 471 M-2962 10/04/2025 10/04/2025 Books 1
    Dewey Decimal Classification     SEACOM MANAGEMENT COLLEGE SEACOM MANAGEMENT COLLEGE   01/11/2010   005.133 C++ V 471 M-2963 10/04/2025 10/04/2025 Books 2
    Dewey Decimal Classification     SEACOM MANAGEMENT COLLEGE SEACOM MANAGEMENT COLLEGE   01/11/2010   005.133 C++ V 471 M-2964 10/04/2025 10/04/2025 Books 3
    Dewey Decimal Classification     SEACOM MANAGEMENT COLLEGE SEACOM MANAGEMENT COLLEGE   01/11/2010   005.133 C++ V 471 M-2965 10/04/2025 10/04/2025 Books 4
© Seacom Engineering College, All rights reserved.    Powered by Koha